000 01095cad a22002175a 4500
001 L150214
008 100614s2010 xxk f 000 0 eng d
035 _a(Sirsi) u150214
041 0 _aeng
110 2 _aInternational Federation of Surveyors
245 0 0 _aFIG Publication No. 47
_binstitutional and organisational development, a guide for managers
_h[electronic resource]
260 _aCopenhagen
_bInternational Federation of Surveyors
_c2010
505 2 _aIntroduction -- The context -- A checklist for managers -- Necessary components in sustainable organisations -- References and bibliography
520 _aFIG is committed to further progress in building institutional and organisational capacity to support effective land administration systems and this publication is a result of a FIG task force.
521 _aAdvanced
590 _aKA
651 4 _aInternational
690 _aENVIRONMENT AND LAND CONSULTANCY-PLANNING AND DEVELOPMENT
856 4 0 _uhttps://www.fig.net/pub/figpub/pub47/figpub47.pdf
_zView the conference papers free of charge at www.fig.net
942 _n0
999 _c110792
_d110792